| 000 | 00747nam a2200289 i 4500 | ||
|---|---|---|---|
| 001 | 000046285 | ||
| 003 | DO-SdBNP | ||
| 005 | 20230508110801.0 | ||
| 007 | ta | ||
| 008 | 110303s1998 dr 000 0 spa d | ||
| 040 |
_aDO-SdBNP _bspa _cBNPHU _erda |
||
| 082 |
_bU542 _222 |
||
| 110 | _983335 | ||
| 111 | _974299 | ||
| 245 | 1 | 0 |
_aUna historia de progreso : _bcapacitar es progresar |
| 260 |
_aSanto Domingo : _bInfotep, _c1998. |
||
| 300 |
_a36 paginas. : _bilustrados ; _c23 cm. |
||
| 336 |
_2rdacontent _atexto _btxt |
||
| 337 |
_2rdamedia _asin mediación _bn |
||
| 338 |
_ardacarrier _bvolumen _0nc |
||
| 590 | _ainventariado, 2023 / DG | ||
| 650 | _955292 | ||
| 650 | _974301 | ||
| 650 | _933375 | ||
| 910 | _aDG | ||
| 942 |
_2ddc _cLF2 |
||
| 999 |
_c53438 _d53438 |
||